000
00335nam a2200133Ia 4500
008
240624s9999 xx 000 0 und d
041
_a
eng
082
_a
338.7 STE
100
_a
STEINBOCK DAN
245
_a
WINNING ACROSS GLOBAL MARKETS HOW NOKIA
260
_c
2010
_a
San Francisco
_b
Jossey-Bass
300
_a
304 : p.
365
_c
_b
30
999
_c
27150
_d
27150